000
00251 a2200109 4500
001
75355
005
20260117165658.0
090
_a
75355
100
_a
20260117 pory50
200
_a
O espelho do mar
_f
Joseph Conrad
210
_c
Guerra & Paz
_d
2023
942
_c
MON